Statistics for Guess the Song

Click here to take the quiz!

General Stats

  • This quiz has been taken 239 times
  • The average score is 21 of 32

Answer Stats

Author/Song% Correct
AC/DC - Highway to {Hell}
98%
Lynyrd Skynyrd - Sweet Home {Alabama}
95%
Cyndi Lauper - Girls Just Want to Have {Fun}
94%
Nirvana - Smells Like Teen {Spirit}
93%
Queen - Another One Bites the {Dust}
93%
Whitney Houston - I Wanna Dance with {Somebody}
88%
Guns n' Roses - Sweet {Child} O'Mine
87%
Michael Jackson - Smooth {Criminal}
87%
Coldplay - Viva la {Vida}
84%
The Police - Every {Breath} You Take
84%
Eminem - The Real {Slim} {Shady}
83%
U2 - I Still Haven't Found What I'm {Looking} {For}
83%
a-ha - {Take} on Me
82%
The Animals - House of the Rising {Sun}
82%
ABBA - The {Winner} Takes it All
79%
Dr Alban - It's my {LIfe}
74%
R.E.M. - Losing my {Religion}
65%
Men at Work - Down {Under}
61%
Phil Collins - Another Day in {Paradise}
61%
Oasis - Don't Look Back in {Anger}
56%
The Beatles - Lucy in the Sky with {Diamonds}
49%
Frank Sinatra - Come {Fly} With Me
46%
The Righteous Brothers - Unchained {Melody}
44%
Madonna - La Isla {Bonita}
40%
Toto - Hold the {Line}
40%
The Doors - Riders of the {Storm}
36%
Boney M - Rivers of {Babylon}
35%
Midnight Oil - Beds are {Burning}
34%
Depeche Mode - Enjoy the {Silence}
31%
Dire Straits - {Walk} of Life
31%
Soul Asylum - Runaway {Train}
31%
Joe Cocker - {Summer} in the City
22%

Score Distribution

Percentile by Number Answered

Percent of People with Each Score

Your Score History

You have not taken this quiz